<?xml version="1.0" encoding="UTF-8"?>
<record
    xmlns:xsi="http://www.w3.org/2001/XMLSchema-instance"
    xsi:schemaLocation="http://www.loc.gov/MARC21/slim http://www.loc.gov/standards/marcxml/schema/MARC21slim.xsd"
    xmlns="http://www.loc.gov/MARC21/slim">

  <leader>00603cam a2200205ua 4500</leader>
  <controlfield tag="001">1411</controlfield>
  <controlfield tag="008">110708n        ii  |||gr||||Z||||||eng</controlfield>
  <datafield tag="040" ind1=" " ind2=" ">
    <subfield code="c">MAIN</subfield>
  </datafield>
  <datafield tag="082" ind1=" " ind2=" ">
    <subfield code="a">320.3</subfield>
  </datafield>
  <datafield tag="100" ind1="1" ind2=" ">
    <subfield code="a">Das, Mrigendra Narayan,</subfield>
    <subfield code="e">Author.</subfield>
  </datafield>
  <datafield tag="245" ind1="1" ind2=" ">
    <subfield code="a">Tulanamulak sarkar bibyastha</subfield>
    <subfield code="c">by Mrigendra Narayan Das</subfield>
  </datafield>
  <datafield tag="250" ind1=" " ind2=" ">
    <subfield code="a">2nd.</subfield>
  </datafield>
  <datafield tag="260" ind1=" " ind2=" ">
    <subfield code="a">Dibrugarh:</subfield>
    <subfield code="b">Students Emporium,996.</subfield>
  </datafield>
  <datafield tag="300" ind1=" " ind2=" ">
    <subfield code="a">184p:</subfield>
    <subfield code="c">23cm.</subfield>
    <subfield code="a">196p:</subfield>
    <subfield code="a">140p:</subfield>
    <subfield code="a">76p:</subfield>
    <subfield code="a">54p:</subfield>
  </datafield>
  <datafield tag="653" ind1=" " ind2=" ">
    <subfield code="a">Political science</subfield>
  </datafield>
  <datafield tag="653" ind1=" " ind2=" ">
    <subfield code="a">Tulanamulak sarkar bibyastha</subfield>
  </datafield>
  <datafield tag="700" ind1=" " ind2=" ">
    <subfield code="a">Lahan, Thaneswar,</subfield>
    <subfield code="e">co-author.</subfield>
  </datafield>
  <datafield tag="700" ind1=" " ind2=" ">
    <subfield code="a">Chahu, Nandakumar,</subfield>
    <subfield code="e">co-authoar.</subfield>
  </datafield>
  <datafield tag="942" ind1=" " ind2=" ">
    <subfield code="c">BK</subfield>
  </datafield>
  <datafield tag="999" ind1=" " ind2=" ">
    <subfield code="c">1302</subfield>
    <subfield code="d">1302</subfield>
  </datafield>
  <datafield tag="952" ind1=" " ind2=" ">
    <subfield code="0">0</subfield>
    <subfield code="1">0</subfield>
    <subfield code="4">0</subfield>
    <subfield code="7">0</subfield>
    <subfield code="a">MAIN</subfield>
    <subfield code="b">MAIN</subfield>
    <subfield code="c">GEN</subfield>
    <subfield code="d">2020-09-19</subfield>
    <subfield code="l">0</subfield>
    <subfield code="o">320.3 | CHA</subfield>
    <subfield code="p">971</subfield>
    <subfield code="r">2020-09-19 00:00:00</subfield>
    <subfield code="t">1</subfield>
    <subfield code="w">2020-09-19</subfield>
    <subfield code="y">BK</subfield>
  </datafield>
</record>
